| Tag |
First Indicator |
Second Indicator |
Subfields |
| LEADER |
00000cjm a2200000 a 4500 |
| 001 |
in00001313232 |
| 005 |
20151005060945.0 |
| 007 |
sd fungnn|m|ee |
| 008 |
900510r19871984maumun eng d |
| 024 |
1 |
|
|a 1166101952
|
| 028 |
0 |
2 |
|a CD 0195
|b Rounder
|
| 033 |
|
|
|b 3964
|c H42
|
| 035 |
|
|
|a (OCoLC)21504483
|
| 035 |
|
|
|9 AHB3670AM
|
| 040 |
|
|
|a IHI
|c IHI
|d CPL
|d TXA
|d UtOrBLW
|
| 043 |
|
|
|a n-us---
|
| 047 |
|
|
|a bg
|a cy
|
| 049 |
|
|
|a TXAV
|
| 090 |
|
|
|a M1629.B874
|b L38 1987
|
| 100 |
1 |
|
|a Bush, Sam,
|e performer.
|
| 245 |
1 |
0 |
|a Late as usual /
|c Sam Bush.
|
| 264 |
|
1 |
|a Cambridge, Mass. :
|b Rounder,
|c [1987]
|
| 264 |
|
4 |
|c ℗1987
|
| 300 |
|
|
|a 1 sound disc :
|b digital, stereo ;
|c 4 3/4 in.
|
| 336 |
|
|
|a performed music
|b prm
|2 rdacontent
|
| 337 |
|
|
|a audio
|b s
|2 rdamedia
|
| 338 |
|
|
|a audio disc
|b sd
|2 rdacarrier
|
| 500 |
|
|
|a Compact disc.
|
| 500 |
|
|
|a Bluegrass and country music.
|
| 511 |
0 |
|
|a Sam Bush, fiddle, mandolin, and vocals, with various ensembles.
|
| 518 |
|
|
|a Recorded at the Studio by the Pond, Hendersonville, Tenn.
|
| 500 |
|
|
|a Originally released in 1984.
|
| 505 |
0 |
|
|a Big Mon / Bill Monroe (3:11) -- Last letter home / B. McDade, J.H. Brown, Jr. (3:28) -- Norman and Nancy / Sam Bush (2:44) -- Russian rag / Dave Apollon (2:34) -- Leather britches / trad. ; arr. by Sam Bush & Norman Blake (3:42) -- Diadem / Sam Bush (3:18) -- Sailin' shoes / Lowell George (3:38) -- Crooked smile / Sam Bush (7:03) -- Broadway / Wood, McRae, Bird (3:30) -- Samanda Lynn / Sam Bush (3:35) -- Funk 55 / Sam Bush (4:24).
|
| 500 |
|
|
|a Sound recording.
|
| 650 |
|
0 |
|a Bluegrass music
|y 1981-1990.
|
| 650 |
|
0 |
|a Country music
|y 1981-1990.
|
| 710 |
2 |
|
|a Rounder Records (Firm)
|
| 999 |
|
|
|a MARS
|
| 999 |
f |
f |
|s 72e7eb5a-e073-3baf-982a-7ff7cfe6bdfc
|i ba17e355-be39-3ccb-ab72-7a2440e2bdc8
|t 0
|
| 952 |
f |
f |
|p ric
|a Texas A&M University
|b Rellis Campus
|c Joint Library Facility
|d Remote Storage
|t 0
|e M1629.B874 L38 1987
|h Library of Congress classification
|i audio -- audio disc
|m A14820159698
|
| 998 |
f |
f |
|a M1629.B874 L38 1987
|t 0
|l Remote Storage
|